Random Eurovision song to country - Statistics

General Stats
  • This quiz has been taken 48 times
    36 since last reset
  • The average score is 10 of 25
Answer Stats
Song name Country % Correct
Toy Israel
100%
Ding-a-Dong Netherlands
100%
Give That Wolf a Banana Norway
100%
Sing Little Birdie United Kingdom
100%
Arcade Netherlands
80%
Waterloo Sweden
75%
Heroes Sweden
75%
1944 Ukraine
75%
Diva Israel
67%
Boom-Bang-a-Bang United Kingdom
67%
Danvise Denmark
60%
Lisa Mona Lisa Austria
50%
To ne ja! Poland
50%
Llámame Spain | Romania
50%
Beatles Sweden
50%
You Sweden | North Macedonia | Georgia
50%
Still in Love with You United Kingdom
50%
Rock Me Yugoslavia
50%
Lejla Yugoslavia | Bosnia and Herzegovina
50%
Cake to Bake Latvia
43%
Merci, Cherie Austria
40%
Ovo je Balkan Serbia
40%
What For? Latvia
33%
Out on my Own Netherlands
33%
San Fransisco Norway
33%
Eres Tu Spain
33%
Refrain Switzerland
33%
Opera Turkey
33%
Hello From Mars Latvia
25%
Amambanda Netherlands
25%
Maybe San Marino
25%
La, La, La Spain
25%
Love Is... United Kingdom
25%
Na Inat Bulgaria
20%
Yamma, yamma Finland
20%
Sognu France
20%
Loca Moldova
20%
La-coco-dance Monaco
20%
Boom Boom Denmark | Armenia
17%
Autostop Greece
17%
Sameach Israel
17%
Chain of Lights San Marino
17%
Tom Tom Tom Finland
14%
My Little World Austria
0%
Einfach Weg Austria
0%
Shame on You Denmark
0%
Let's Get Loud Estonia
0%
Leave Me Alone Finland
0%
Horoscopes Ireland
0%
Beautiful Song Latvia
0%
Cipela Serbia
0%
No matching quizzes found
Score Distribution
Percent of People with Each Score
Percentile by Number Answered
Your Score History
You have not taken this quiz since the last reset